000 00293nam a2200133Ia 4500
008 100328s9999 xx 000 0 und d
082 _b45625
100 _aपै शिरीष
245 _aसय
260 _bदिलीप
630 _aसय
730 _aसय
942 _cBOOK
999 _c533728
_d533725